Hỏi đáp về trình tự thủ tục cấp phép xây dựng công trình nhà ở
Gardado en:
| Autor Principal: | |
|---|---|
| Formato: | Libro |
| Idioma: | Undetermined |
| Publicado: |
H.
LĐXH
2003
|
| Những chủ đề: | |
| Các nhãn: |
Engadir etiqueta
Sen Etiquetas, Sexa o primeiro en etiquetar este rexistro!
|
| Thư viện lưu trữ: | Trung tâm Học liệu Trường Đại học Cần Thơ |
|---|
| LEADER | 00654nam a2200205Ia 4500 | ||
|---|---|---|---|
| 001 | CTU_58713 | ||
| 008 | 210402s9999 xx 000 0 und d | ||
| 020 | |b 42000 | ||
| 082 | |a 343.597078624 | ||
| 082 | |b D561 | ||
| 100 | |a Quách Dương | ||
| 245 | 0 | |a Hỏi đáp về trình tự thủ tục cấp phép xây dựng công trình nhà ở | |
| 245 | 0 | |c Quách Dương | |
| 260 | |a H. | ||
| 260 | |b LĐXH | ||
| 260 | |c 2003 | ||
| 650 | |a land use,construction,construction industry | ||
| 650 | |x law and legislation,law and legislation,standards | ||
| 904 | |i Minh | ||
| 980 | |a Trung tâm Học liệu Trường Đại học Cần Thơ | ||